000
00385nam a2200133Ia 4500
008
100328s9999 xx 000 0 und d
082
_b
29960
100
_a
देशपांडे वा.ह.
245
_a
घरंदाज गायकी
260
_b
मौज
630
_a
घरंदाज गायकी
730
_a
घरंदाज गायकी
942
_c
BOOK
999
_c
520954
_d
520951